000 00472cam a2200193ua 4500
001 6478
008 131216n ii |||gr||||Z||||||eng
040 _cMAIN
082 _a346.066
245 _aCompany law
_cBy S.M. shukla
250 _a3rd rev. ed.
260 _aDelhi:
_bSBD publishers distributors,
_c1995.
300 _ax,224p.
653 _aCommerce
653 _aCompany law
700 _aShukla,S.M.,
_eAuthor.,
700 _aSaxena,R.S.,
_eAuthor.
942 _cBK
999 _c5627
_d5627